000 00293nam a2200109Ia 4500
008 230320s9999||||xx |||||||||||||| ||spa||
082 _a268/D88
100 _aDominguez, Javier Castineiras, Jaime
245 0 _aFormacion Juvenil En Equipo : 39 Reuniones
260 _bMENSAJERO
942 _80
_cLIB
999 _c27861
_d27861